Entry Personal Name
Number of records used in: 2
001 - CONTROL NUMBER
003 - CONTROL NUMBER IDENTIFIER
005 - DATE AND TIME OF LATEST TRANSACTION
- control field:
20230926153930.0
008 - FIXED-LENGTH DATA ELEMENTS
- fixed length control field:
910103n| azannaab |n aaa
010 ## - LIBRARY OF CONGRESS CONTROL NUMBER
- LC control number:
n 91000580
040 ## - CATALOGING SOURCE
- Original cataloging agency:
DLC
- Language of cataloging:
eng
- Description conventions:
rda
- Transcribing agency:
DLC
- Modifying agency:
DLC
046 ## - SPECIAL CODED DATES
- Birth date:
1943-12-19
- Source of date scheme:
edtf
100 1# - HEADING--PERSONAL NAME
- Personal name:
Katz, Victor J.
670 ## - SOURCE DATA FOUND
- Source citation:
Fraleigh, J.B. Linear algebra, c1990:
- Information found:
t.p. (Victor J. Katz)
670 ## - SOURCE DATA FOUND
- Source citation:
A history of mathematics, c2008:
- Information found:
CIP t.p. (Victor Katz; University of the District of Columbia)
670 ## - SOURCE DATA FOUND
- Source citation:
Cartea de aur a Basarabiei și a Republicii Moldova, 2016:
- Information found:
p. 336 (Victor Katz; b. Dec. 19, 1943; mathematician)